000 00974cab a2200253 4500
001 ABS58236
008 090401t xxu||||| |||| 00| 0 eng d
035 _a(Sirsi) u83606
041 _aeng
100 _aFenn, P.
245 _aConstruction mediation USA style
260 _c(9) Winter 1997/8, 6-7(2)
350 _a0
490 _aDispute Resolution Newsletter
_v(9) Winter 1997/8, 6-7(2)
520 _aCompares ADR practice and procedure in the UK and the USA. The author has been involved in mediations in both countries and warns that because of cultural differences, US-style mediation techniques would not necessarily be successful in the UK.
650 _aALTERNATIVE DISPUTE RESOLUTION
650 _aDISPUTE RESOLUTION
_96236
650 _aEXPERT WITNESSES
650 _aMEDIATION
650 _aUSA
690 _aMANAGEMENT-DISPUTE AVOIDANCE, MANAGEMENT AND RESOLUTION-DISPUTE MANAGEMENT AND RESOLUTION-ARBITRATION
942 _n0
948 _c09/02/1998
999 _c52818
_d52818